| 000 | 01427nam2a2200241 i 4500 | ||
|---|---|---|---|
| 001 | RU\NLR\BIBL_A\010712704 | ||
| 005 | 20240728145417.0 | ||
| 010 |
_a9785485004644 _bт. 2 _91500 |
||
| 021 |
_aRU _b2015-123 _9547 |
||
| 035 | _a(NLR Aleph) 010712704 | ||
| 090 |
_a9780386 _c9780386 |
||
| 100 | _a20150401d2015 km y0rusy50 ca | ||
| 101 | 0 | _arus | |
| 102 | _aRU | ||
| 105 | _ay w 000yy | ||
| 200 | 0 | _a[Т. 2] | |
| 210 | _d2015 | ||
| 215 | _a959 c. | ||
| 461 | 0 |
_1001RU\NLR\BIBL_A\010774367 _12000#$aАпостол с толкованием. Толковый апостол$eобъяснение книги деяний свв. апостолов и соборных посланий$fархиеп. Никанор (Каменский)$g[сост.: Г.М. Гупало]$v[Т. 2] _1700#1$aНиканор$cКаменский, Никифор Тимофеевич$cархиепископ Казанский и Свияжский$f1847-1910$3RU\NLR\AUTH\7748971 _910035817 _aНиканор (Каменский, Никифор Тимофеевич ; 1847-1910) _cМосква _d2015 _fархиеп. Никанор (Каменский) _nДаръ _oобъяснение книги деяний свв. апостолов и соборных посланий _tАпостол с толкованием. Толковый апостол _y9785485004620 _v[Т. 2] |
|
| 942 | _cBOOK | ||
| 980 | _aNBR | ||